000 00812nam a2200265 a 4500
001 50714
003 BD-RjUL
005 20211209075543.0
008 160828s1954 enkar 0 0eng d
035 _a(BD-RjUL)50834
035 _a300145
040 _aQSL
_beng
_cQSL
_dVMOU
041 _aeng
082 0 4 _a378.42
_220
_bUNS 1954
110 2 _aUniversity of Cambridge.
_9161027
245 1 4 _aThe student's handbook to the University & colleges of Cambridge /
_cUniversity of Cambridge.
246 3 8 _aStudent's handbook to Cambridge
250 _a44th ed.
260 _aCambridge :
_bC.U.P.,
_c1954
300 _a432 p. :
_bill. ;
_c19 cm.
500 _aIncludes index
610 2 0 _aUniversity of Cambridge
_9161027
785 0 0 _aUniversity of Cambridge.
_tCambridge University Handbook
942 _2ddc
_cBK
999 _c50714
_d50714